Congreso Nacional de la Propiedad Urbana (Record no. 183725)

MARC details
000 -LEADER
campo de control de longitud fija 00672nam a2200169 i 4500
001 - NÚMERO DE CONTROL
campo de control 183725
003 - IDENTIFICADOR DE NÚMERO DE CONTROL
campo de control ES-MaACL
005 - FECHA Y HORA DE LA ÚLTIMA TRANSACCIÓN
campo de control 20230906221947.0
008 - DATOS DE LONGITUD FIJA--INFORMACIÓN GENERAL
campo de control de longitud fija 141003s1913 sp |||| | spa d
111 2# - ENTRADA PRINCIPAL--NOMBRE DE CONGRESO/REUNIÓN
Nombre de congreso/reunión o jurisdicción como elemento de entrada Congreso Nacional de la Propiedad Urbana (
Número del congreso/reunión o número de parte o sección 1º.
Fecha del congreso o de la firma del tratado 1912.
Sede del congreso/Lugar de la reunión Madrid)
9 (RLIN) 155655
245 10 - MENCIÓN DEL TÍTULO
Título Congreso Nacional de la Propiedad Urbana
Resto del título : Madrid, 1912 : [actas del celebrado en los días 18 al 22 de mayo de 1912].
260 ## - PUBLICACIÓN, DISTRIBUCIÓN, ETC.
Lugar de publicación, distribución, etc. Madrid :
Nombre del editor, distribuidor, etc. [s.n.],
Fecha de publicación, distribución, etc. 1913 (
Fabricante Est. tip. de Ginés Carrión)
300 ## - DESCRIPCIÓN FÍSICA
Extensión 196 p. ;
Dimensiones 24 cm.
650 04 - PUNTO DE ACCESO ADICIONAL DE MATERIA--TÉRMINO DE MATERIA
Término de materia o nombre geográfico como elemento de entrada Propiedad urbana-
Subdivisión de forma España.
9 (RLIN) 16502
852 ## - LOCALIZACIÓN
Ubicación ES-MaACL
Número de control de estantería T-1469-F-3
852 ## - LOCALIZACIÓN
Ubicación ES-MaACL
Número de control de estantería T-1397-F-4
Nota libre .- Enc. en un vol. facticio
Holdings
Estatus retirado Estado de pérdida Estado de daño No para préstamo Colección Biblioteca de origen Biblioteca actual Ubicación en estantería Fecha de adquisición Fuente de adquisición Total de préstamos Signatura topográfica completa Código de barras Visto por última vez Precio de reemplazo Tipo de ítem Koha
        Colección de folletos Biblioteca del Ateneo de Madrid Biblioteca del Ateneo de Madrid Depósito folletos 03/10/2014     T-1469-F-3 1193157 23/02/2023 23/02/2023 Folleto
        Colección de folletos Biblioteca del Ateneo de Madrid Biblioteca del Ateneo de Madrid Depósito folletos 05/04/2016     T-1397-F-4 1195066 23/02/2023 23/02/2023 Folleto